Matemática avanzada para la física
Guardat en:
| Autor principal: | |
|---|---|
| Format: | Llibre |
| Idioma: | espanyol |
| Publicat: |
Buenos Aires
Eudeba
1977
|
| Col·lecció: | Eudeba Manuales
|
| Matèries: | |
| Etiquetes: |
Afegir etiqueta
Sense etiquetes, Sigues el primer a etiquetar aquest registre!
|
MARC
| LEADER | 00000nam a2200000 a 4500 | ||
|---|---|---|---|
| 001 | UCW8926 | ||
| 003 | CL-VaPUC | ||
| 008 | 881109e19770000AG |||||||||||||||||spa|d | ||
| 082 | 0 | 4 | |a 510 |b BAL |2 21 |
| 100 | 0 | |a Balanzat, Manuel |e author |9 314135 | |
| 245 | 1 | 0 | |a Matemática avanzada para la física |
| 300 | |a 428 p | ||
| 942 | |c BK | ||
| 945 | |d 19881109 00:00:00 | ||
| 260 | |a Buenos Aires |b Eudeba |c 1977 | ||
| 650 | 0 | |a Matemática |9 260235 | |
| 583 | |a last modification |c 19881109 00:00:00 |k Rodrigo Vera | ||
| 490 | 0 | |a Eudeba Manuales | |
| 999 | |c 221101 |d 221099 | ||